| 000 | 00878nam a2200229Ia 4500 | ||
|---|---|---|---|
| 005 | 20260430150743.0 | ||
| 008 | 008 250103s9999 xx 000 0 hin d | ||
| 037 | _aTheses | ||
| 040 | _aCRL | ||
| 040 | _bhin | ||
| 040 | _chin | ||
| 041 | _2hin | ||
| 041 | _ahin | ||
| 084 | _qCRL | ||
| 100 |
_aठाकुर, सुबोध, ले. _9865705 |
||
| 245 | 0 | _aहिन्दी उपन्यास और लोकतंत्रीकरण की प्रक्रिया: परिसर जीवन आधारित उपन्यासों के विशेष संदर्भ में: 1970 से अब तक | |
| 260 | _c2021 | ||
| 300 | _a213पृ0 | ||
| 700 | _aदिल्ली विश्वविद्यालय. कला संकाय. हिन्दी विभाग | ||
| 942 | _cTH | ||
| 999 |
_c1850615 _d1850615 |
||